000 00485nam a2200193Ia 4500
008 230125s9999 xx 000 0 und d
020 _a978-81-8430-243-1
041 _aeng
082 _a823
_bBAJ
100 _aBajaj K
_9118045
245 _aWisdom Of Sri Sri Ravi Shankar
260 _c2013
_bOcean Book Private Limited
_aNew Delhi
300 _a247p
440 _v1
650 _aEnglish Literature
700 _aBajaj K
_9118045
906 _b27
999 _c96031
_d96031